Self-worth and social intelligence: First experience with SWSI scale for adolescents

Bibliographic Details
Main Author: Dobeš, Marek, 1974- (Author)
Format: Article
Language:English
PhysicalDescription:Tab.
ISSN:0039-3320
Subjects:

MARC

LEADER 00000nab a2200000 a 4500
001 vtls001517288
003 SK-MaSNL
005 20260304215317.0
008 140623c2004 xo 0 eng
015 |a SNBCL2005/2 
035 |a SLK031534 
040 |a SLKCL  |b slo  |c SNKBUCL  |e AACR2 
041 |a eng  |h eng 
044 |a xo  |c SK 
080 |a 165.24:159.9.072.52  |2 1981 
100 1 |a Dobeš, Marek,  |d 1974-  |4 aut  |9 157029 
245 1 0 |a Self-worth and social intelligence: First experience with SWSI scale for adolescents  |c Marek Dobeš 
246 1 0 |a Sebahodnotenie a sociálna inteligencia: prvé skúsenosti so škálou SHSI pre adolescentov 
246 1 1 |a Sebahodnotenie a sociálna inteligencia: prvé skúsenosti so škálou SHSI pre adolescentov 
300 |b Tab. 
504 |a Res. angl., slov. 
504 |a Bibliogr. odkazy 
650 0 7 |a sebahodnotenie  |2 MESH  |9 21934 
650 0 7 |a sociálne správanie  |2 MESH  |9 4927 
650 0 7 |a inteligencia  |2 MESH  |9 15977 
650 0 7 |a testy psychologické  |2 MESH  |9 732694 
650 0 7 |a adolescenti  |2 MESH  |9 4892 
773 0 |t Studia psychologica  |g Vol. 46, no. 4 (2004), s. 287-289  |x 0039-3320 
850 |a Slovenská lekárska knižnica v Bratislave  |a BA006 
852 |a BA006  |b KIS3GCP  |b 000500000 
999 |c 3145877  |d 3147807